Disney mal résumé #4 - Statistiques

Statistiques générales
  • Ce quiz a été pris 285 fois
  • Le résultat moyen est 2 sur 15
Statistiques - réponses
Hint Réponse % Correct
C'est l'histoire d'un gosse qui veut être roi, mais en fait non et au final oui Le Roi Lion
96%
C'est l'histoire d'un mec qui découvre la campagne, ce qui fera de lui un champion Cars
26%
C'est l'histoire d'une fille qui doit faire de la couture pour pas se marier Rebelle
23%
C'est l'histoire d'un orphelin qui doit choisir entre vivre la belle vie ou avec les clodos Oliver et Compagnie
19%
C'est l'histoire d'une femme qui fait un long voyage pour retrouver son mec, mais décide de s'en taper un autre Pocahontas 2 : Un monde nouveau
18%
C'est l'histoire d'une femme qui découvre sa sœur jumelle, mais qui peut mourir si elle va la voir ! Clochette et le Secret des fées
8%
C'est l'histoire d'un groupe de héros qui doit affronter la mafia locale dirigée par un ours mal léché Toy Story 3
8%
C'est l'histoire d'un père disparu, d'un père trop présent et d'un fils qui va réunir les 2 pères Avalonia
7%
C'est l'histoire d'un gosse qui rencontre son idole au moment où sa famille l'abandonne Les 101 Dalmatiens 2 : Sur la trace des héros
7%
C'est l'histoire d'un champion qui veut être pompier Planes 2
4%
C'est l'histoire d'un concurrent d'EDF Monstres et Cie
3%
On y parle d'un bayou bleu, de danses adolescentes, d'un fedora qui trouve l'amour et d'une baleine avec un bel organe La boîte à Musique
2%
C'est l'histoire de 2 garçons qui ont pour amis un inventeur, une fille riche, une vendeuse et un groom La Vie de palace de Zack et Cody
2%
C'est l'histoire de bonbon (car oui, c'est des bonbons à la base) Les Gummi
0%
C'est l'histoire d'une ado qui fuit ses devoirs, d'un roi qui n'est pas roi mais en fait si et d'un monstre maudit Luz à Osville
0%
Aucun quiz correspondant
Distribution des résultats
% des personnes avec chaque résultat
Percentile par nombre de réponses
Votre historique - résultats
Vous n’avez pas pris ce quiz